000 00872cam a22002771 4500
001 3706
003 BD-RjUL
005 20211208233755.0
008 160728s1967 nyua b 001 0 eng
035 _a(BD-RjUL)3740
035 _a(OCoLC)326084
040 _aDLC
_cGACCLC
_dOCoLC
_dDLC
_dBD-RjUL
_beng
041 _aeng
082 _a320.3
_bCAM 1967
100 1 _aCarter, Gwendolen Margaret,
_d1906-1991.
_911764
245 1 0 _aMajor foreign powers /
_c[by] Gwendolen M. Carter [and] John H. Herz.
250 _a5th ed.
260 _aNew York :
_bHarcourt,
_cc1967
300 _axii, 701 p. :
_bill. ;
_c24 cm.
504 _a"Bibliography, prepared by Louise W. Holborn": p. 637-680.
504 _aIncludes Index.
650 0 _aComparative government.
_94478
700 1 _aHerz, John H.,
_d1908-2005,
_ejoint author.
_911765
942 _2ddc
_cBK
999 _c3706
_d3706